00647nam a2200241 a 4500001001300000003000900013005001700022008004100039020001000080082001300090100002500103245002100128260004300149300000900192500003500201505001000236650001100246700002500257902000800282942000700290952009300297999001500390nice12345678IN_TiNIC20260116011937.0050524s1903 hara grp 000 0 urd  ac10000a170bABD aAbdul Aziz, Muhammad aAkhlaq-E-Azizia. aHardoi/awadhbMuraqa Aalam Pressc1903 a168p aincludes index and biblioraphy2 aIndex aEthics1 aAbdul Aziz, Muhammad bRBA cBK 00104070aHMIbHMId2007-03-15g100.00l0o170 ABDp5312r2007-03-15w2026-01-16yARB c5000d5000